000 00238nam a22001097a 4500
041 _aENG
245 _aPost Harvest Technology Of Horticural
260 _aDelhi
_bICAR
_c1998
300 _a184
650 _aAPE ( 02 )
856 _uAPE ( 02 )
999 _c2865
_d2865